000 00350nam a22001577a 4500
003 OSt
008 250419b |||||||| |||| 00| 0 eng d
020 _a9780241304549
082 _a109 GRH
100 _aGRAYLING,AC
245 _aThe History of Philosophy
260 _aUK
_bPenguin
_c2020
300 _a689
650 _aGeneral
942 _2ddc
_cBK
999 _c13337
_d13337